The starter garden handbook : (Record no. 1868)

MARC details
000 -LEADER
fixed length control field 01813cam a22003977i 4500
001 - CONTROL NUMBER
control field data
005 - DATE AND TIME OF LATEST TRANSACTION
control field 20260322212122.0
008 - FIXED-LENGTH DATA ELEMENTS--GENERAL INFORMATION
fixed length control field data
035 ## - SYSTEM CONTROL NUMBER
System control number 20165708
010 ## - LIBRARY OF CONGRESS CONTROL NUMBER
LC control number 2017963042
020 ## - INTERNATIONAL STANDARD BOOK NUMBER
International Standard Book Number 9781633536609
Qualifying information (paperback)
020 ## - INTERNATIONAL STANDARD BOOK NUMBER
International Standard Book Number 1633536602
Qualifying information (paperback)
035 ## - SYSTEM CONTROL NUMBER
System control number (OCoLC)1002126496
040 ## - CATALOGING SOURCE
Original cataloging agency BTCTA
Language of cataloging eng
Transcribing agency BTCTA
Description conventions rda
Modifying agency DLC
-- YDX
-- GK8
-- UUC
-- VP@
-- ZHB
-- CLE
-- TME
-- OCLCQ
-- OCLCF
-- DLC
042 ## - AUTHENTICATION CODE
Authentication code lccopycat
050 00 - LIBRARY OF CONGRESS CALL NUMBER
Classification number SB453.5
Item number .A588 2018
082 04 - DEWEY DECIMAL CLASSIFICATION NUMBER
Classification number 635.0484
Edition information 23
100 1# - MAIN ENTRY--PERSONAL NAME
Personal name Alvrez, Alice,
Relator term author.
245 14 - TITLE STATEMENT
Title The starter garden handbook :
Remainder of title a cook's guide to growing your own food /
Statement of responsibility, etc. Alice Mary Alvrez.
264 #1 - PRODUCTION, PUBLICATION, DISTRIBUTION, MANUFACTURE, AND COPYRIGHT NOTICE
Place of production, publication, distribution, manufacture Coral Gables, FL :
Name of producer, publisher, distributor, manufacturer Mango Publishing Group, a division of Mango Media Inc.,
Date of production, publication, distribution, manufacture, or copyright notice [2018]
300 ## - PHYSICAL DESCRIPTION
Extent 134 pages :
Other physical details illustrations ;
Dimensions 21 cm
336 ## - CONTENT TYPE
Content type term text
Content type code txt
Source rdacontent
337 ## - MEDIA TYPE
Media type term unmediated
Media type code n
Source rdamedia
338 ## - CARRIER TYPE
Carrier type term volume
Source rdacarrier
504 ## - BIBLIOGRAPHY, ETC. NOTE
Bibliography, etc. note Includes bibliographical references (page 134).
520 ## - SUMMARY, ETC.
Summary, etc. Here in one pretty package is everything you need to know to have your garden and eat it, too! Whether you aspire to green rookie level, eco-master or full-on gardening guru , you can lean to grow your own food and help the planet every week of the year.--
Assigning source Adapted from back cover.
650 #0 - SUBJECT ADDED ENTRY--TOPICAL TERM
Topical term or geographic name entry element Organic gardening.
650 #0 - SUBJECT ADDED ENTRY--TOPICAL TERM
Topical term or geographic name entry element Vegetable gardening.
650 #0 - SUBJECT ADDED ENTRY--TOPICAL TERM
Topical term or geographic name entry element Herb gardening.
650 #7 - SUBJECT ADDED ENTRY--TOPICAL TERM
Topical term or geographic name entry element Herb gardening.
Source of heading or term fast
Authority record control number or standard number (OCoLC)fst00955300
650 #7 - SUBJECT ADDED ENTRY--TOPICAL TERM
Topical term or geographic name entry element Organic gardening.
Source of heading or term fast
Authority record control number or standard number (OCoLC)fst01047711
650 #7 - SUBJECT ADDED ENTRY--TOPICAL TERM
Topical term or geographic name entry element Vegetable gardening.
Source of heading or term fast
Authority record control number or standard number (OCoLC)fst01164731
906 ## - LOCAL DATA ELEMENT F, LDF (RLIN)
a 7
b cbc
c copycat
d 2
e epcn
f 20
g y-gencatlg
925 0# -
-- acquire
-- 1 shelf copy
-- policy default
Holdings
Withdrawn status Lost status Damaged status Not for loan Home library Current library Shelving location Date acquired Total checkouts Full call number Barcode Date last seen Price effective from Koha item type
        Centerville Centerville General stacks 22/03/2026   635.0484 LOC-CPL-00036 22/03/2026 22/03/2026 Books